Griechisch-ägiptischer Offenbarungszauber : Seine Methoden /

محفوظ في:

المؤلف الرئيسي: Hopfner, Theodor, 1886-1946 (مؤلف)

التنسيق: كتاب

اللغة: German

منشور في: Leipzig : H. Haessel, 1924.

سلاسل: Studien zur Palaeographie und Papyruskunde (Leipzig, Germany) ; 23.

الموضوعات:

الوسوم: إضافة وسم

لا توجد وسوم, كن أول من يضع وسما على هذه التسجيلة!

رقم الطلب: BF1622 .G8 H66 1924

LEADER 00841nam a2200253K 4500
001 5871
003 OSt
005 20250917095012.0
008 130303s1924 gw a 000 0 ger d
035 |a ocm42780205 
040 |c ARCE Library 
050 4 |a BF1622 .G8 H66 1924  
100 1 |a Hopfner, Theodor,  |d 1886-1946,  |e author  |9 32240 
245 1 0 |a Griechisch-ägiptischer Offenbarungszauber :  |b Seine Methoden /  |c von Theodor Hopfner. 
264 1 |a Leipzig :   |b H. Haessel,   |c 1924. 
300 |a 172 pages :  |b illustrations ;  |c 24 cm. 
490 1 |a Studien zur Palaeographie und Papyruskunde (Leipzig, Germany) ;  |v 23. 
650 0 |a Magic, Greek. 
650 0 |a Magic, Egyptian. 
651 0 |a Greece  |x Religion. 
830 0 |a Studien zur Palaeographie und Papyruskunde (Leipzig, Germany) ;  |v 23. 
901 |a reviewed 
942 |c BK  |2 lcc 
999 |c 5997  |d 5997